| 000 | 00857cam a22002411 4500 | ||
|---|---|---|---|
| 001 | sa 67006718 | ||
| 003 | DLC | ||
| 005 | 20260227112410.0 | ||
| 008 | 861126s1962 ii 000 0 eng | ||
| 010 | _asa 67006718 | ||
| 025 | _aPL480:I-E-7909 | ||
| 035 | _a(OCoLC)14876461 | ||
| 040 |
_aDLC _cWaU _dWaU _dDLC |
||
| 042 | _apremarc | ||
| 050 | 0 | 0 |
_aHD4291 _b.A53 |
| 110 | 1 |
_aIndia. _bPlanning Commission. _bProgramme Evaluation Organisation. |
|
| 245 | 1 | 0 | _aPilot project[s] for the utilization of rural manpower (series I) case studies. |
| 260 |
_a[New Delhi] _c1962. |
||
| 300 |
_axi, 212 p. _c29 cm. |
||
| 500 | _aCover title: Case studies of pilot projects (series I) for the utilization of rural manpower. | ||
| 650 | 0 |
_aPublic works _zIndia _vCase studies. |
|
| 740 | 0 | _aCase studies of pilot projects (series I) for the utilization of manpower. | |
| 999 |
_c76123 _d76123 |
||